000 00752cab a2200217 4500
001 X83797
008 090401t1997 xxu||||| |||| 00| 0 eng d
035 _a(Sirsi) u78180
041 _aeng
245 _aStandard Life Assurance v Unipath Ltd
260 _c1997
350 _a0
490 _aNew Property Cases
_v[1997] NPC 69 (2)
520 _aCA 1 May 1997. On a pure point of construction and at the instance of the landlord, the court finds that a rent review clause contains a ratchet. (HEADNOTE FROM JOURNAL) - NOT TO BE PHOTOCOPIED.
650 _aRATCHET
650 _aRENT REVIEW CLAUSE
650 _aSTANDARD LIFE ASSURANCE V UNIPART LTD
690 _aLANDLORD AND TENANT-CASE LAW-RENT REVIEWS
942 _n0
948 _c06/05/1997
999 _c49198
_d49198